LEADER 01593nam 2200385Ia 450 001 996393794803316 005 20200824132515.0 035 $a(CKB)4940000000119402 035 $a(EEBO)2240895227 035 $a(OCoLC)ocm52614724e 035 $a(OCoLC)52614724 035 $a(EXLCZ)994940000000119402 100 $a20030715d1685 uy 0 101 0 $aeng 135 $aurbn||||a|bb| 200 10$aBy the King, a proclamation for continuing the collection of the customs and subsidies of tonnage and poundage$b[electronic resource] 210 $aLondon, $cPrinted by the assigns of John Bill, deceas'd: and by Henry Hills, and Thomas Newcomb ...$d1684 ;$aand re-printed at Edinburgh, $cby the heir of Andrew Anderson ...$dAnno Dom. 1685 215 $a1 sheet ([1] p.) 300 $aCaption title. 300 $aInitial letter. 300 $aRoyal arms with initials "J R" at head. 300 $a"Given at our court at Whitehall, the ninth day of February, in the first year of our reign". 300 $aImperfect: creased, with some loss of text. 300 $aReproduction of original in: National Library of Scotland. 330 $aeebo-0097 606 $aTariff$zEngland$vEarly works to 1800 608 $aBroadsides$zScotland$y17th century$2rbgenr 615 0$aTariff 701 $aJames$cKing of England,$f1633-1701.$01001114 801 0$bEAE 801 1$bEAE 906 $aBOOK 912 $a996393794803316 996 $aBy the King, a proclamation for continuing the collection of the customs and subsidies of tonnage and poundage$92316641 997 $aUNISA